000 00341nam a2200157Ia 4500
005 20250425160757.0
008 250425s9999 xx 000 0 und d
041 _aspa
082 _a658
245 0 _aADMINISTRACION DE EMPRESAS
250 _aS.E.
260 _aS.L.
260 _aSin Pais
_bREVE
_c1973
942 _c01
010 _a5016
999 _c195959
_d195959